SMEs' Access to Bank Loans in Slovakia during the Coronavirus Crisis

Zhodnotenie prístupu MSP k bankovým pôžičkám v Slovenskej republike v čase koronavírusovej krízy pomocou spracovania štatistických údajov o podnikových úveroch poskytnuté Národnou bankou Slovenska. Dynamika rastu úverov v roku 2020 a dostupnosť financovania.

Gespeichert in:
Bibliographische Detailangaben
1. Verfasser: Belanová, Katarína, 1978-
Format: Buchkapitel
Sprache:Englisch
Schlagworte:
Tags: Tag hinzufügen
Keine Tags, Fügen Sie das erste Tag hinzu!

MARC

LEADER 00000naa a2200000 4500
001 0276391
005 20241001083000.9
041 0 |a eng 
044 |a TR 
245 1 0 |a SMEs' Access to Bank Loans in Slovakia during the Coronavirus Crisis  |c Katarína Belanová 
520 |a Zhodnotenie prístupu MSP k bankovým pôžičkám v Slovenskej republike v čase koronavírusovej krízy pomocou spracovania štatistických údajov o podnikových úveroch poskytnuté Národnou bankou Slovenska. Dynamika rastu úverov v roku 2020 a dostupnosť financovania. 
610 2 0 |a úver 
610 2 0 |a banky 
610 2 0 |a podnik malý 
610 2 0 |a podnik stredný 
610 2 0 |a koronavírus 
610 2 0 |a financovanie 
610 2 0 |a kríza 
610 2 0 |a Slovensko 
100 1 |a Belanová, Katarína, 1978-